[Event "Montesilvano Easter op 8th"]
[Site "Montesilvano"]
[Date "2023.04.09"]
[Round "4"]
[White "Bosio, Andrea"]
[Black "Marvulli, Dario"]
[Result "0-1"]
[WhiteElo "1820"]
[BlackElo "2087"]
[PlyCount "54"]
[EventDate "2023.04.07"]
[EventType "swiss"]
[EventRounds "6"]
[EventCountry "ITA"]
[SourceTitle "CBM 213 Extra"]
[Source "ChessBase"]
[SourceDate "2023.05.31"]
[SourceVersion "1"]
[SourceVersionDate "2023.05.31"]
[SourceQuality "1"]

1. e4 e6 2. d4 d5 3. Nc3 Nf6 4. e5 Nfd7 5. f4 a6 6. Nf3 c5 7. Be3 Nc6 8. Qd2 Be7 9. g4 cxd4 10. Nxd4 Nxd4 11. Bxd4 f6 12. exf6 Bxf6 13. g5 Bxd4 14. Qxd4 0-0 15. Bh3 Nb6 16. Qe5 Nc4 17. Qe2 Qb6 18. b3 Ne3 19. Kd2 d4 20. Nd1 e5 21. Bxc8 Raxc8 22. Nxe3 dxe3+ 23. Kc1 exf4 24. Rf1 Qd4 25. Rb1 Qe4 26. Rb2 f3 27. Qe1 e2 0-1

[Event "Porto San Giorgio op 28th"]
[Site "Porto San Giorgio"]
[Date "2018.08.26"]
[Round "4"]
[White "Marvulli, Dario"]
[Black "Bruno, Fabio"]
[Result "1/2-1/2"]
[WhiteElo "2120"]
[BlackElo "2438"]
[PlyCount "112"]
[EventDate "2018.08.24"]
[EventType "swiss"]
[EventRounds "9"]
[EventCountry "ITA"]
[SourceTitle "CBM 186 Extra"]
[Source "ChessBase"]
[SourceDate "2018.08.24"]
[SourceVersion "1"]
[SourceVersionDate "2018.08.24"]
[SourceQuality "1"]

1. e4 c5 2. c3 d5 3. exd5 Qxd5 4. d4 e6 5. Nf3 Nf6 6. Nbd2 cxd4 7. Nxd4 a6 8. Qf3 Qxf3 9. N2xf3 b6 10. Bd3 Bb7 11. 0-0 Nbd7 12. Re1 Be7 13. Bf4 Nc5 14. Bc2 0-0 15. Ne5 Rac8 16. Nc4 Nd5 17. Bd6 Rfe8 18. Bxe7 Rxe7 19. Nd6 Rd8 20. Nxb7 Rxb7 21. Rad1 Rc8 22. Nb3 Na4 23. Rb1 Rbc7 24. Nd2 Nc5 25. Ne4 g6 26. Nxc5 Rxc5 27. Bb3 Kf8 28. Rbd1 Nf6 29. Rd6 R5c6 30. Red1 Ke7 31. Rxc6 Rxc6 32. f3 Nd7 33. Kf2 Nc5 34. Bc2 b5 35. Ke3 Nd7 36. Rd4 Nb6 37. Bb3 Rc5 38. Kd3 Rh5 39. h3 Nd7 40. Kc2 Rg5 41. g4 Re5 42. Kd2 g5 43. Bc2 Nf6 44. a4 h5 45. axb5 axb5 46. Bd3 hxg4 47. hxg4 Ne8 48. c4 bxc4 49. Rxc4 Kd6 50. b4 Nc7 51. Rd4+ Rd5 52. Ke3 Ke5 53. Rc4 Kd6 54. Rd4 Ke5 55. Rc4 Kd6 56. Rd4 Ke5 1/2-1/2

[Event "Porto San Giorgio op"]
[Site "Porto San Giorgio"]
[Date "2017.08.31"]
[Round "9"]
[White "Stromboli, Carlo"]
[Black "Marvulli, Dario"]
[Result "1/2-1/2"]
[WhiteElo "2318"]
[BlackElo "2050"]
[PlyCount "32"]
[EventDate "2017.08.23"]
[EventType "swiss"]
[EventRounds "9"]
[EventCountry "ITA"]
[SourceTitle "CBM 180 Extra"]
[Source "ChessBase"]
[SourceDate "2017.10.06"]
[SourceVersion "1"]
[SourceVersionDate "2017.10.06"]
[SourceQuality "1"]

1. d4 Nf6 2. c4 c5 3. dxc5 e6 4. Nc3 Bxc5 5. e3 Nc6 6. Nf3 0-0 7. Be2 d5 8. 0-0 dxc4 9. Qa4 Qe7 10. Qxc4 e5 11. e4 Be6 12. Nd5 Bxd5 13. exd5 Nd4 14. Nxd4 Bxd4 15. Bg5 Qd6 16. Bxf6 Qxf6 1/2-1/2

[Event "Porto San Giorgio op"]
[Site "Porto San Giorgio"]
[Date "2017.08.28"]
[Round "6"]
[White "Marvulli, Dario"]
[Black "Pasini, Nicolo"]
[Result "1/2-1/2"]
[WhiteElo "2050"]
[BlackElo "2175"]
[PlyCount "102"]
[EventDate "2017.08.23"]
[EventType "swiss"]
[EventRounds "9"]
[EventCountry "ITA"]
[SourceTitle "CBM 180 Extra"]
[Source "ChessBase"]
[SourceDate "2017.10.06"]
[SourceVersion "1"]
[SourceVersionDate "2017.10.06"]
[SourceQuality "1"]

1. e4 c5 2. Nf3 d6 3. d4 cxd4 4. Nxd4 Nf6 5. Nc3 a6 6. Bg5 e6 7. Bd3 Nbd7 8. Qd2 b5 9. 0-0 Bb7 10. Rfe1 Be7 11. f3 Rc8 12. Qf2 h6 13. Bd2 Ne5 14. Qg3 g5 15. Bf1 Rg8 16. Rad1 Qc7 17. a3 Ng6 18. Ncxb5 axb5 19. Nxb5 Qc5+ 20. Be3 Qe5 21. Nxd6+ Bxd6 22. Rxd6 Ke7 23. Qxe5 Nxe5 24. Rb6 Rc7 25. c3 Nfd7 26. Rb3 Ra8 27. Rc1 Ba6 28. Bxa6 Rxa6 29. Kf1 Nc4 30. Ke2 Nde5 31. Rb5 Nxe3 32. Kxe3 Nc4+ 33. Ke2 Rd6 34. Rc2 Kd7 35. a4 Ra6 36. Rb4 Rb6 37. Rxb6 Nxb6 38. b3 Kc6 39. Rd2 Nd7 40. b4 Ra7 41. a5 Ne5 42. Rd8 Rd7 43. Rb8 Rb7 44. Rc8+ Rc7 45. Rxc7+ Kxc7 46. Ke3 Kc6 47. Kd4 Nd7 48. Kc4 Ne5+ 49. Kd4 Nd7 50. Kc4 Ne5+ 51. Kd4 Nd7 1/2-1/2

[Event "Porto San Giorgio op 27th"]
[Site "Porto San Giorgio"]
[Date "2016.08.26"]
[Round "7"]
[White "Voltolini, Giuseppe"]
[Black "Marvulli, Dario"]
[Result "1/2-1/2"]
[WhiteElo "2147"]
[BlackElo "2035"]
[PlyCount "32"]
[EventDate "2016.08.20"]
[EventType "swiss"]
[EventRounds "9"]
[EventCountry "ITA"]
[SourceTitle "CBM 174 Extra"]
[Source "ChessBase"]
[SourceDate "2016.10.10"]
[SourceVersion "1"]
[SourceVersionDate "2016.10.10"]
[SourceQuality "1"]

1. d4 Nf6 2. c4 g6 3. Nc3 Bg7 4. e4 d6 5. Be2 0-0 6. Bg5 c5 7. d5 Nbd7 8. Qd2 Re8 9. f3 Nf8 10. Bd1 e6 11. Nge2 exd5 12. cxd5 Qb6 13. 0-0 N6d7 14. Bc2 Ne5 15. b3 Bd7 16. Kh1 Rac8 1/2-1/2

[Event "Porto San Giorgio Weekend-B 15th"]
[Site "Porto San Giorgio"]
[Date "2012.11.25"]
[Round "5"]
[White "Santinelli, Michele"]
[Black "Marvulli, Dario"]
[Result "0-1"]
[WhiteElo "1802"]
[BlackElo "1771"]
[PlyCount "124"]
[EventDate "2012.11.17"]
[EventType "swiss"]
[EventRounds "6"]
[EventCountry "ITA"]
[SourceTitle "EXT 2024"]
[Source "ChessBase"]
[SourceDate "2023.10.10"]
[SourceVersion "1"]
[SourceVersionDate "2023.10.10"]
[SourceQuality "1"]

1. d4 c5 2. e3 Nf6 3. Nf3 b6 4. Bd3 Bb7 5. Nbd2 g6 6. c3 Bg7 7. 0-0 0-0 8. Qe2 d6 9. Re1 Nbd7 10. e4 cxd4 11. cxd4 d5 12. e5 Nh5 13. Nb3 f5 14. Ng5 Qc8 15. Ne6 Re8 16. Nxg7 Nxg7 17. Bd2 e6 18. Rac1 Qd8 19. Bb4 Nh5 20. Bb5 a6 21. Bd3 a5 22. Bd2 Rf8 23. f4 Rf7 24. Bb5 Nf8 25. Rc3 Rc8 26. Rec1 Rfc7 27. a4 Qe7 28. g3 Ng7 29. Be3 Rxc3 30. bxc3 Ne8 31. Qa2 Nc7 32. Be2 Ba6 33. c4 dxc4 34. Bxc4 Bxc4 35. Rxc4 Rd8 36. Qc2 Nd5 37. Bd2 Qb7 38. Nc1 Nd7 39. Rc6 Kf7 40. Nd3 Qa7 41. Bc3 Nb8 42. Rd6 Rc8 43. Rxd5 exd5 44. e6+ Kxe6 45. Qe2+ Kf7 46. Ne5+ Kg7 47. Bb2 Qc7 48. Nf3 Qd7 49. Qe5+ Kg8 50. Qf6 Qc6 51. Qg5 Qc2 52. Qe7 Qb1+ 53. Ne1 Qe4 54. Qxe4 fxe4 55. Ba3 Rc4 56. Bd6 Nc6 57. Bc7 Rxd4 58. Bxb6 Rxa4 59. Kf2 d4 60. h4 Ra2+ 61. Kf1 d3 62. Ng2 Rxg2 0-1

[Event "ITA-ch Amateur C"]
[Site "Civitanova Marche"]
[Date "2012.07.19"]
[Round "5"]
[White "Marvulli, Dario"]
[Black "Donati, Michele"]
[Result "1/2-1/2"]
[WhiteElo "1676"]
[BlackElo "1764"]
[PlyCount "94"]
[EventDate "2012.07.15"]
[EventType "swiss"]
[EventRounds "8"]
[EventCountry "ITA"]
[SourceTitle "EXT 2024"]
[Source "ChessBase"]
[SourceDate "2023.10.10"]
[SourceVersion "1"]
[SourceVersionDate "2023.10.10"]
[SourceQuality "1"]

1. e4 c5 2. Nc3 e6 3. f4 d5 4. Nf3 dxe4 5. Bb5+ Bd7 6. Bxd7+ Qxd7 7. Nxe4 Nc6 8. d3 Be7 9. 0-0 Nh6 10. Qe1 Nf5 11. Qf2 b6 12. Bd2 Ncd4 13. Ne5 Qd5 14. c4 Qb7 15. g3 h5 16. Qg2 Rb8 17. Rac1 Nd6 18. Bc3 N6f5 19. Rfe1 h4 20. g4 Nd6 21. Bxd4 cxd4 22. Nc6 Rc8 23. Nxd4 Nxe4 24. Qxe4 Qxe4 25. Rxe4 Bc5 26. Kg2 Rd8 27. Nb5 h3+ 28. Kf1 Rxd3 29. Ke2 Rd7 30. a3 a6 31. b4 Be7 32. Nc3 Rh4 33. Rg1 g6 34. Rg3 Bf6 35. Na4 Rd6 36. Ree3 Ke7 37. f5 Bg5 38. Rd3 Rc6 39. c5 bxc5 40. Nxc5 a5 41. fxe6 fxe6 42. Rxh3 Rxg4 43. Rhg3 Rxg3 44. Rxg3 Bf4 45. Rxg6 axb4 46. axb4 Bxh2 47. Kd3 Kf7 1/2-1/2